UK Residential Market Survey (Record no. 122089)
[ view plain ]
| 000 -LEADER | |
|---|---|
| fixed length control field | 01776nam a22002057a 4500 |
| 008 - FIXED-LENGTH DATA ELEMENTS--GENERAL INFORMATION | |
| fixed length control field | 250117e20241210xxk|||||o|||| 00| 0 eng d |
| 041 ## - LANGUAGE CODE | |
| Language code of text/sound track or separate title | eng |
| 110 ## - MAIN ENTRY--CORPORATE NAME | |
| Corporate author | Royal Institution of Chartered Surveyors |
| 245 ## - TITLE STATEMENT | |
| Title | UK Residential Market Survey |
| Subtitle | December 2024 |
| Medium | [Electronic resource] |
| 260 ## - PUBLICATION INFORMATION | |
| Place of publication | London, |
| Publisher | Royal Institution of Chartered Surveyors, |
| Date | January 2025 |
| 300 ## - PHYSICAL DESCRIPTION | |
| Physical description | 17p |
| 490 ## - SERIES TITLE | |
| Series statement | RICS UK Residential Market Survey |
| 520 ## - ABSTRACT | |
| Abstract | The December 2024 RICS Residential Market <br/>Survey results point to the slightly brighter picture <br/>seen over recent months remaining in place, with <br/>most activity metrics still in modestly positive <br/>territory. That said, while near-term expectations <br/>are, for the time being, consistent with this trend <br/>being broadly sustained over the coming months, <br/>the macroeconomic environment looks to have <br/>turned more challenging of late. Indeed, the recent <br/>rise in bond yields along with other lending rates, if <br/>sustained, may prove to be a significant headwind <br/>moving forward.<br/>During the final month of the year, a headline net <br/>balance of +5% of respondents cited an increase in <br/>new buyer enquiries. This is slightly down from the <br/>+11% reading registered in each of two previous <br/>months and does in fact mark the least positive <br/>return since July. As such, the December figure is <br/>signalling a flatter trend now coming through in <br/>terms of buyer demand |
| 650 ## - KEYWORDS | |
| Keywords | HOUSING MARKET |
| 650 ## - KEYWORDS | |
| Keywords | RESIDENTIAL PROPERTY |
| 651 ## - SUBJECT ADDED ENTRY--GEOGRAPHIC NAME | |
| Geographic name | United Kingdom |
| 710 ## - ADDED CORPORATE NAME | |
| Added corporate author | Royal Institution of Chartered Surveyors |
| 856 ## - ONLINE RESOURCE | |
| Uniform Resource Identifier | <a href="https://www.rics.org/content/dam/ricsglobal/documents/market-surveys/uk-residential-market-survey/December_2024_RICS_UK_Residential_Market_Survey.pdf">https://www.rics.org/content/dam/ricsglobal/documents/market-surveys/uk-residential-market-survey/December_2024_RICS_UK_Residential_Market_Survey.pdf</a> |
| Public note | Available free on RICS.org |
| 942 ## - ADDED ENTRY ELEMENTS (KOHA) | |
| Suppress in OPAC | Do not suppress in OPAC |
| Lost status | Damaged status | Not for loan | Current library | Shelving location | Date acquired | Total Checkouts | Full call number | Date last seen | Price effective from | Koha item type |
|---|---|---|---|---|---|---|---|---|---|---|
| Virtual | Online | 17/01/2025 | PROPERTY MARKET DATA | 17/01/2025 | 17/01/2025 | Online material |